| 000 | 00851nam a22002297a 4500 | ||
|---|---|---|---|
| 999 |
_c12332 _d12332 |
||
| 003 | AR-CdUCM | ||
| 008 | 190403b ||||| |||| 00| 0 spa d | ||
| 020 | _a958-05-0280-3 | ||
| 040 |
_aMUNICIPALIDAD PROVINCIAL DEL CUSCO _cBIBLIOTECA MUNICIPAL DEL CUSCO |
||
| 082 |
_aES / 372.500 / _bM77 _24ed. |
||
| 100 |
_aMoncayo R., Guido Alfredo _928706 |
||
| 245 |
_aCiencias 6° : _bNaturaleza y salud / |
||
| 260 |
_aColombia : _bEducar editores s.a., _c1991. |
||
| 300 |
_a188 paginas _c28 cm. |
||
| 505 | _aContenido :Método científico -- De que esta hecho un ecosistema -- Tejidos vegetales -- Tejidos animales -- Materia ... | ||
| 650 |
_aCiencias aplicadas _920077 |
||
| 650 |
_aCiencias naturales _910176 |
||
| 700 |
_aCaicedo Lopez, Humberto _928707 |
||
| 700 |
_aSoto, Luis Germán _928708 |
||
| 942 |
_2ddc _cLIBROS |
||
| 945 |
_arum _d2019-04-08 |
||